| 000 | 00638nam a22002057a 4500 | ||
|---|---|---|---|
| 003 | OSt | ||
| 005 | 20230928112341.0 | ||
| 008 | 230928b |||||||| |||| 00| 0 eng d | ||
| 040 | _cLadoV | ||
| 082 |
_a708 _bT612c |
||
| 100 |
_91118 _aTiscornia, Ana _eautor |
||
| 245 | _a"Camuflajes y Olivos"/ | ||
| 260 |
_c1996 _bCabildo de Montevideo _aChile |
||
| 300 |
_a56p. _c21.5x16cm |
||
| 650 |
_2Tesauro de Arte & Arquitectura _aARTE |
||
| 650 |
_2Tesauro de Arte & Arquitectura _aCOLECCION _9703 |
||
| 650 |
_2Tesauro de Arte & Arquitectura _aCATALOGO _9702 |
||
| 700 |
_aOMBU _eautor |
||
| 942 |
_2ddc _c1 _h708 _iT612c _n0 |
||
| 999 |
_c4427 _d4427 |
||